00406nam a2200157Ia 450000500170000000800410001702000180005803700130007604000200008904100130010908400190012210000160014124500380015726000440019530000090023920250326141144.0250326s9999 xx 000 0 und d a1-55815-147-8 aTextbook aFMSLbengcFMSL aeng2eng aX8(A) N1qFMSL aKlitgaard R 0aAdjusting to realitycKlitgaard R aCaliforniabCalifornia, ICE Pressc1991 a323p